000 00408nam a2200133Ia 4500
008 151001s9999||||xx |||||||||||||| ||und||
100 _aश्यामसुंदर त्रिपाठी
245 _aस्त्री पुरुषअंच्या लैगिक समस्या
250 _a1
260 _bराजेश
260 _c2010
300 _a88
365 _b21
999 _c998241
_d998238